00402nam a2200157Ia 450000500170000000800410001704000190005804100120007708200200008910000250010924500390013426000280017330000100020165000230021185000100023420230426155549.0131103s9999 xx 000 0 und d aLoreto College aEnglish aTAG 891.44bTAG aTagore, Rabindranath aReminiscencescRabindranath Tagore aLondonbMacmillanc1928 a272p  aBengali Literature aLCLIB